|
|
|
|
| LEADER |
04910nam a22004574a 4500 |
| 001 |
44145 |
| 003 |
BD-DhAAL |
| 005 |
20250223112412.0 |
| 008 |
250223p20182003enka b 001 0 eng d |
| 010 |
|
|
|a 2004557531
|
| 020 |
|
|
|a 9780521540513
|
| 020 |
|
|
|a 0521540518
|
| 040 |
|
|
|a DLC
|c DLC
|d DLC
|d BD-DhAAL
|
| 042 |
|
|
|a pcc
|
| 050 |
0 |
0 |
|a TA1634
|b .H38 2003
|
| 082 |
0 |
0 |
|a 006.37
|2 22
|
| 100 |
1 |
|
|a Hartley, Richard.
|9 57784
|
| 245 |
1 |
0 |
|a Multiple view geometry in computer vision /
|c Richard Hartley, Andrew Zisserman.
|
| 250 |
|
|
|a Second edition.
|
| 260 |
|
|
|a Cambridge, UK ;
|a New York :
|b Cambridge University Press,
|c 2003
|g (2018 printing)
|
| 300 |
|
|
|a xvi, 655 pages :
|b illustrations (some colors) ;
|c 25 cm
|
| 504 |
|
|
|a Includes bibliographical references (pages 634-645) and index.
|
| 526 |
|
|
|a CSE
|x Dr. Md. Ashraful Alam,
Associate Professor
Department of Computer Science
Course Name and No. : Computer Vision : Fundamentals and Applications 7XX : Advanced Computer Vision (CSE 463)
|
| 541 |
|
|
|a Hye Trade International
|e 44145, 44146, 44147, 44148, 44149, 44150, 44151, 44152, 44153, 44154
|
| 650 |
|
0 |
|a Computer vision.
|
| 650 |
|
0 |
|a Geometry, Projective.
|9 57785
|
| 650 |
|
0 |
|a Computer science.
|
| 700 |
1 |
|
|a Zisserman, Andrew.
|9 57786
|
| 852 |
|
|
|a Ayesha Abed Library
|c General Stacks
|
| 942 |
|
|
|2 ddc
|c BK
|
| 999 |
|
|
|c 47223
|d 47223
|
| 952 |
|
|
|0 0
|1 0
|2 ddc
|4 0
|6 006_370000000000000_HAR
|7 0
|9 77349
|a BRACUL
|b BRACUL
|c GEN
|d 2025-02-12
|e Hye Trade International
|g 9977.00
|l 2
|m 1
|o 006.37 HAR
|p 3010044148
|q 2025-10-21
|r 2025-04-27
|s 2025-04-27
|t 4
|v 9977.00
|w 2025-02-12
|y BK
|x Requisitioned by Dr. Md. Ashraful Alam for the course named- "Computer Vision : Fundamentals and Applications 7XX : Advanced Computer Vision (CSE 463)".
|
| 952 |
|
|
|0 0
|1 0
|2 ddc
|4 0
|6 006_370000000000000_HAR
|7 0
|9 77350
|a BRACUL
|b BRACUL
|c GEN
|d 2025-02-12
|e Hye Trade International
|g 9977.00
|l 0
|o 006.37 HAR
|p 3010044147
|r 2025-02-12
|t 3
|v 9977.00
|w 2025-02-12
|y BK
|x Requisitioned by Dr. Md. Ashraful Alam for the course named- "Computer Vision : Fundamentals and Applications 7XX : Advanced Computer Vision (CSE 463)".
|
| 952 |
|
|
|0 0
|1 0
|2 ddc
|4 0
|6 006_370000000000000_HAR
|7 0
|9 77351
|a BRACUL
|b BRACUL
|c GEN
|d 2025-02-12
|e Hye Trade International
|g 9977.00
|l 0
|o 006.37 HAR
|p 3010044150
|r 2025-02-12
|t 6
|v 9977.00
|w 2025-02-12
|y BK
|x Requisitioned by Dr. Md. Ashraful Alam for the course named- "Computer Vision : Fundamentals and Applications 7XX : Advanced Computer Vision (CSE 463)".
|
| 952 |
|
|
|0 0
|1 0
|2 ddc
|4 0
|6 006_370000000000000_HAR
|7 0
|9 77352
|a BRACUL
|b BRACUL
|c GEN
|d 2025-02-12
|e Hye Trade International
|g 9977.00
|l 0
|o 006.37 HAR
|p 3010044152
|r 2025-02-12
|t 8
|v 9977.00
|w 2025-02-12
|y BK
|x Requisitioned by Dr. Md. Ashraful Alam for the course named- "Computer Vision : Fundamentals and Applications 7XX : Advanced Computer Vision (CSE 463)".
|
| 952 |
|
|
|0 0
|1 0
|2 ddc
|4 0
|6 006_370000000000000_HAR
|7 0
|9 77353
|a BRACUL
|b BRACUL
|c GEN
|d 2025-02-12
|e Hye Trade International
|g 9977.00
|l 0
|o 006.37 HAR
|p 3010044151
|r 2025-02-12
|t 7
|v 9977.00
|w 2025-02-12
|y BK
|x Requisitioned by Dr. Md. Ashraful Alam for the course named- "Computer Vision : Fundamentals and Applications 7XX : Advanced Computer Vision (CSE 463)"
|
| 952 |
|
|
|0 0
|1 0
|2 ddc
|4 0
|6 006_370000000000000_HAR
|7 0
|9 77354
|a BRACUL
|b BRACUL
|c CIR
|d 2025-02-12
|e Hye Trade International
|g 9977.00
|l 0
|o 006.37 HAR
|p 3010044146
|r 2025-02-12
|t 2
|v 9977.00
|w 2025-02-12
|y 1HOUR
|x Requisitioned by Dr. Md. Ashraful Alam for the course named- "Computer Vision : Fundamentals and Applications 7XX : Advanced Computer Vision (CSE 463)".
|
| 952 |
|
|
|0 0
|1 0
|2 ddc
|4 0
|6 006_370000000000000_HAR
|7 0
|9 77355
|a BRACUL
|b BRACUL
|c GEN
|d 2025-02-12
|e Hye Trade International
|g 9977.00
|l 1
|o 006.37 HAR
|p 3010044154
|r 2025-03-15
|s 2025-03-15
|t 10
|v 9977.00
|w 2025-02-12
|y BK
|x Requisitioned by Dr. Md. Ashraful Alam for the course named- "Computer Vision : Fundamentals and Applications 7XX : Advanced Computer Vision (CSE 463)".
|
| 952 |
|
|
|0 0
|1 0
|2 ddc
|4 0
|6 006_370000000000000_HAR
|7 0
|9 77356
|a BRACUL
|b BRACUL
|c GEN
|d 2025-02-12
|e Hye Trade International
|g 9977.00
|l 0
|o 006.37 HAR
|p 3010044153
|r 2025-02-12
|t 9
|v 9977.00
|w 2025-02-12
|y BK
|x Requisitioned by Dr. Md. Ashraful Alam for the course named- "Computer Vision : Fundamentals and Applications 7XX : Advanced Computer Vision (CSE 463)".
|
| 952 |
|
|
|0 0
|1 0
|2 ddc
|4 0
|6 006_370000000000000_HAR
|7 0
|9 77357
|a BRACUL
|b BRACUL
|c CIR
|d 2025-02-12
|e Hye Trade International
|g 9977.00
|l 0
|o 006.37 HAR
|p 3010044145
|r 2025-02-12
|t 1
|v 9977.00
|w 2025-02-12
|y 1HOUR
|x Requisitioned by Dr. Md. Ashraful Alam for the course named- "Computer Vision : Fundamentals and Applications 7XX : Advanced Computer Vision (CSE 463)".
|
| 952 |
|
|
|0 0
|1 0
|2 ddc
|4 0
|6 006_370000000000000_HAR
|7 0
|9 77358
|a BRACUL
|b BRACUL
|c GEN
|d 2025-02-12
|e Hye Trade International
|g 9977.00
|l 0
|o 006.37 HAR
|p 3010044149
|r 2025-02-12
|t 5
|v 9977.00
|w 2025-02-12
|y BK
|x Requisitioned by Dr. Md. Ashraful Alam for the course named- "Computer Vision : Fundamentals and Applications 7XX : Advanced Computer Vision (CSE 463)".
|